000 00377nam a2200145 a 4500
005 20140412111317.0
008 010420s19uu xx 00 eng d
020 _a0-86318-462-6
050 _aM 612.88
_bT722 1990
245 _aMy first look at touch.
260 _aLondon :
_bDorling Kindersley,
_c1990.
300 _a1 v. (unp.) ; ill.
650 _aTouch
999 _c104270
_d104270